Taylor Swift Midnights - Sudden Death - Statistics

General Stats
  • This quiz has been taken 148 times
  • The average score is 20 of 22
Answers on the Grid
Answers color-coded by a green-red scale on the quiz's grid according to % correct below.
Midnight Rain
I'm The Problem
Bejeweled
Sweet Nothing
Calling Off The Truce
Lavender Haze
You're On Your Own, Kid
Is It Over Now?
Maroon
Anti-Hero
Fortnight
Snow On The Beach
Question...?
Vigilante Shit
Would've, Could've, Should've
Fireplace Ashes
I Can Fix Him
Paris
You're Losing Me
The Great War
Karma
Mastermind
Stars By The Pocketful
Glitch
Covert Narcissism
High Infidelity
Dear Reader
Labyrinth
Hits Different
Bigger Than The Whole Sky
 
Answer Stats
Answer % Correct
Midnight Rain
98%
Lavender Haze
97%
Bejeweled
96%
You're On Your Own, Kid
96%
Anti-Hero
95%
Question...?
95%
Vigilante Shit
94%
Maroon
92%
Karma
91%
Snow On The Beach
90%
High Infidelity
89%
Mastermind
89%
Bigger Than The Whole Sky
88%
Labyrinth
88%
Sweet Nothing
88%
The Great War
88%
Would've, Could've, Should've
88%
Paris
87%
Glitch
86%
You're Losing Me
84%
Dear Reader
83%
Hits Different
83%
No matching quizzes found
Score Distribution
Percent of People with Each Score
Percentile by Number Answered
Your Score History
You have not taken this quiz